Sports Quiz

Random Sports or Basketball Quiz

Active NBA Players Who Are Hall of Fame Locks Quiz Stats

 Plays Quiz not verified by Sporcle

Challenge
Share
Tweet
Embed
Score 0/25 Timer 04:00
0 Plays Today
Teams Played For Player % Correct
LakersKobe Bryant
99.5%
Cavaliers, HeatLeBron James
99.4%
Timberwolves, CelticsKevin Garnett
98.7%
SpursTim Duncan
98.5%
Bucks, Sonics, CelticsRay Allen
97.7%
CelticsPaul Pierce
97.3%
HeatDwyane Wade
96.5%
Magic, Lakers, Heat, Suns, Cavs, CelticsShaquille O'Neal
96%
Suns, MavsSteve Nash
95.4%
ThunderKevin Durant
95.4%
MavsDirk Nowitzki
94.4%
BullsDerrick Rose
94.3%
MagicDwight Howard
94%
Teams Played For Player % Correct
Nuggets, KnicksCarmelo Anthony
93%
CelticsRajon Rondo
92.5%
Mavs, Suns, NetsJason Kidd
91.3%
HornetsChris Paul
90.5%
Jazz, NetsDeron Williams
88.4%
Raptors, Nets, Magic, SunsVince Carter
87.1%
Suns, KnicksAmare Stoudemire
81.5%
Raptors, Magic, Rockets, Knicks, PistonsTracy McGrady
79.9%
Celtics, Raptors, Nuggets, TWolves, Pistons, KnicksChauncey Billups
75.7%
Suns, Heat, Raptors, MavsShawn Marion
59%
Wizards, Magic, Pistons, Bulls, CavsBen Wallace
58.8%
Pistons, Magic, SunsGrant Hill
58.1%

You're not logged in!

Compare scores with friends on all Sporcle quizzes.
OR
Log In

You Might Also Like...

Show Comments

Extras

Top Quizzes Today


Score Distribution

Your Account Isn't Verified!

In order to create a playlist on Sporcle, you need to verify the email address you used during registration. Go to your Sporcle Settings to finish the process.

Report this User

Report this user for behavior that violates our Community Guidelines.

Details: